Sự phát triển tất yếu của pháp luật hàng hải trong quá trình hội nhập kinh tế và tự do hoá thương mại /

Đã lưu trong:
書目詳細資料
主要作者: Hoàng Ngọc Thiết
格式: Bài viết
語言:Vietnamese
主題:
標簽: 添加標簽
沒有標簽, 成為第一個標記此記錄!
Thư viện lưu trữ: Thư viện Trường Đại học Đà Lạt
LEADER 00848nam a2200277 4500
001 DLU060052178
040 # # |a DLU  |b vie 
041 # # |a vie 
044 # # |a vn 
100 # # |a Hoàng Ngọc Thiết 
245 # # |a Sự phát triển tất yếu của pháp luật hàng hải trong quá trình hội nhập kinh tế và tự do hoá thương mại /  |c Hoàng Ngọc Thiết 
653 # # |a Hội nhập kinh tế 
653 # # |a Luật hàng hải 
653 # # |a Luật thương mại 
773 # # |t Luật học  |g Số 1, 2003, tr.57-60 
920 # # |a Phòng Tạp chí -- Trung tâm Thông tin - Thư viện Trường Đại học Đà Lạt 
933 # # |a CT, TN 
994 # # |a DLU 
900 # # |a True 
911 # # |a Nguyễn Thị Yên 
925 # # |a G 
926 # # |a A 
927 # # |a BB 
980 # # |a Thư viện Trường Đại học Đà Lạt